001018571 001__ 1018571 001018571 005__ 20260306070916.0 001018571 037__ $$aRWTH-2025-07870 001018571 041__ $$aEnglish 001018571 1001_ $$0P:(DE-HGF)0$$aVater, Lennart$$b0 001018571 245__ $$asimple-scenario$$honline 001018571 250__ $$av0.10.1 001018571 260__ $$aIKA RWTH Aachen$$bGitHub$$c2025 001018571 3367_ $$2DCMI$$aSoftware 001018571 3367_ $$0PUB:(DE-HGF)33$$2PUB:(DE-HGF)$$aSoftware$$bsware$$msware$$s1758693230_740504 001018571 3367_ $$2BibTeX$$aMISC 001018571 3367_ $$06$$2EndNote$$aComputer Program 001018571 3367_ $$2ORCID$$aOTHER 001018571 3367_ $$2DataCite$$aSoftware 001018571 500__ $$aErstellt am 02. Mai 2025. - Zuerst gesehen am 24. September 2025. 001018571 591__ $$aGermany 001018571 8564_ $$uhttps://github.com/ika-rwth-aachen/simple-scenario 001018571 8564_ $$uhttps://publications.rwth-aachen.de/record/1018571/files/Data_1018571_RWTH-2025-07870.zip 001018571 909CO $$ooai:publications.rwth-aachen.de:1018571$$pVDB 001018571 9141_ $$y2025 001018571 9101_ $$0I:(DE-588b)36225-6$$6P:(DE-HGF)0$$aRWTH Aachen$$b0$$kRWTH 001018571 9201_ $$0I:(DE-82)414110_20140620$$k414110$$lLehrstuhl und Institut für Kraftfahrzeuge (ika)$$x0 001018571 961__ $$c2025-09-24T07:58:12.440163$$x2025-09-18T11:33:54.261408$$z2025-09-24T07:58:12.440163 001018571 980__ $$asware 001018571 980__ $$aVDB 001018571 980__ $$aI:(DE-82)414110_20140620 001018571 980__ $$aUNRESTRICTED